| 000 | 00491nam a2200193Ia 4500 | ||
|---|---|---|---|
| 005 | 20250508164548.0 | ||
| 008 | 008 250505s9999 xx 000 0 eng d | ||
| 037 | _aTextual | ||
| 040 |
_aFEDL _beng _cFEDL |
||
| 041 |
_aeng _2eng |
||
| 084 |
_a371.1, EGG _qFEDL |
||
| 100 | _aEggleston John | ||
| 245 | 0 | _aChallenge for Teachers | |
| 260 |
_aLondon, UK _bCassell _c1992 |
||
| 300 | _a86p. | ||
| 546 | _aMACESE | ||
| 942 |
_cTEXL _h371.1, EGG |
||
| 999 |
_c1389809 _d1389809 |
||